Jean Greisch, Le buisson ardent et les lumières de la raison. L’invention de la philosophie de la religion, t. III : Vers un paradigme herméneutique, Paris, Le Cerf, 2004, 1 025 p. (notice n° 1657050)
[ vue normale ]
| 000 -LEADER | |
|---|---|
| fixed length control field | 00643cam a2200145 4500500 |
| 005 - DATE AND TIME OF LATEST TRANSACTION | |
| control field | 20260208010538.0 |
| 041 ## - LANGUAGE CODE | |
| Language code of text/sound track or separate title | fre |
| 042 ## - AUTHENTICATION CODE | |
| Authentication code | dc |
| 100 10 - MAIN ENTRY--PERSONAL NAME | |
| Personal name | Vaysse, Jean-Marie |
| Relator term | author |
| 245 00 - TITLE STATEMENT | |
| Title | Jean Greisch, Le buisson ardent et les lumières de la raison. L’invention de la philosophie de la religion, t. III : Vers un paradigme herméneutique, Paris, Le Cerf, 2004, 1 025 p. |
| 260 ## - PUBLICATION, DISTRIBUTION, ETC. | |
| Date of publication, distribution, etc. | 2005.<br/> |
| 500 ## - GENERAL NOTE | |
| General note | 1 |
| 786 0# - DATA SOURCE ENTRY | |
| Note | Revue philosophique de la France et de l'étranger | 130 | 1 | 2005-03-01 | p. 77g-130g | 0035-3833 |
| 856 41 - ELECTRONIC LOCATION AND ACCESS | |
| Uniform Resource Identifier | <a href="https://shs.cairn.info/revue-philosophique-2005-1-page-77g?lang=fr&redirect-ssocas=7080">https://shs.cairn.info/revue-philosophique-2005-1-page-77g?lang=fr&redirect-ssocas=7080</a> |
Pas d'exemplaire disponible.




Réseaux sociaux